MARC

LEADER 00000nam0a2200000 4500
001 192262
005 20231031181105.0
035 |a (RuTPU)RU\TPU\book\209648 
090 |a 192262 
100 |a 20110221d1971 m y0rusy50 ca 
101 0 |a rus 
102 |a RU 
105 |a a z 001zy 
200 1 |a Электродвижущие силы, электродные потенциалы и химические равновесия  |e конспект лекций  |e учебное пособие  |f Н. Е. Хомутов  |g Московский химико-технологический институт им. Д. И. Менделеева (МХТИ) 
210 |a Москва  |c Изд-во МХТИ  |d 1971 
215 |a 116 с.  |c ил. 
320 |a Библиогр.: с. 114. 
610 1 |a физическая химия 
610 1 |a электродвижущие силы 
610 1 |a электродные потенциалы 
610 1 |a химическое равновесияе 
610 1 |a термодинамическая теория 
610 1 |a электродные потенциалы 
610 1 |a растворы 
610 1 |a лекции 
610 1 |a учебные пособия 
675 |a 544.63(075)  |v 3 
700 1 |a Хомутов  |b Н. Е. 
712 0 2 |a Московский химико-технологический институт им. Д. И. Менделеева (МХТИ)  |2 stltpush  |3 (RuTPU)RU\TPU\col\1701 
801 1 |a RU  |b 63413507  |c 20110221 
801 2 |a RU  |b 63413507  |c 20160802  |g RCR 
942 |c BK